مكتبة جامعة عجلون الوطنية

فهرس بحث المكتبة

Normal view MARC view
  • بدران،عمر حسن احمد

Entry Personal Name

Number of records used in: 1

001 - CONTROL NUMBER

  • control field: 7392

003 - CONTROL NUMBER IDENTIFIER

  • control field: JO-AjAnu

005 - DATE AND TIME OF LATEST TRANSACTION

  • control field: 20230606071509.0

008 - FIXED-LENGTH DATA ELEMENTS

  • fixed length control field: 230606|| aca||aabn | a|a d

040 ## - CATALOGING SOURCE

  • Original cataloging agency: JO-AjAnu
  • Transcribing agency: JO-AjAnu

100 ## - HEADING--PERSONAL NAME

  • Personal name: بدران،عمر حسن احمد

670 ## - SOURCE DATA FOUND

  • Source citation: Work cat.: (JO-AjAnu)3824: بدران،عمر حسن احمد, author, الانسان والعولمة